Manual de potabilización del agua

Bibliographic Details
Main Author: Pérez Parra, Jorge Arturo
Format: Section = Libro
Language:Undetermined
Spanish
Published: Medellin Universidad Nacional de Colombia 1999
Subjects:
LEADER 00768nam a2200265Ia 4500
008 240830s9999 xx 000 0 und d
040 |a CEDOC FIQ-RUSB / 658.1 P438 
041 |a spa 
082 |a 658.1 P438 
100 1 |a Pérez Parra, Jorge Arturo 
245 1 0 |a Manual de potabilización del agua 
260 |a Medellin  |b Universidad Nacional de Colombia  |c 1999 
300 |a 504 p. :il 
650 7 |a ABASTECIMIENTO DE AGUA 
650 7 |b  PLANTAS DE PURIFICACION 
650 7 |c  AIREACION 
650 7 |d  FLOCULACION 
650 7 |e  FILTRACION 
650 7 |f  CLORACION 
650 7 |g  TRATAMIENTO DE LODOS - PLANTAS DE PURIFICACION 
650 7 |h  SEDIMENTACION 
650 7 |i  MATENIMIENTO - PLANTAS DE PURIFICACION 
942 |c BK  |2 ddc 
991 |a TEXTO 
999 |c 13061